Hučí voda, hučí

Bibliographic Details
Main Author: Melkovič, Ján, 1939-2004 (Composer)
Corporate Authors: Tanečný orchester Juraja Berczellera (Performer), Traditional Club (hudobná skupina) (Performer)
Other Authors: Krajíček, Ivan, 1940-1997 (Singer), Zelenay, Pavol, 1928-2024 (Singer), Droppa, Boris, 1934-2004 (Lyricist), Čelko, Igor, 1944- (Conductor), Úradníček, Ivan, 1937-1973 (Lyricist), Slobodník, Milan, 1932-1970 (Lyricist)
Format: CD Audio
Language:Slovak
PhysicalDescription:1 gramofónová platňa 18 cm
Published: [ Praha] Supraphon [1965]
Subjects:

MARC

LEADER 00000njm a2200000 4500
001 vtls012014238
003 SK-MaSNL
005 20260331212328.0
007 sd cszc p
008 210212s1965 xr sgz g 0 0 slo
028 0 1 |a BIEM 013778  |b Supraphon 
028 1 3 |a D 01763/A A  |b Supraphon 
028 1 3 |a D 01764/A B  |b Supraphon 
028 0 1 |a F-09*51545  |b Supraphon 
040 |a SNK  |b slo  |c SNK  |e rda 
041 0 |a slo 
044 |a xr  |c CZ 
072 7 |a 784  |x Vokálna hudba  |2 konspekt 
080 |a 784.4  |2 2011 
080 |a (086.72)  |2 2011 
100 1 |a Krajíček, Ivan,  |d 1940-1997  |4 sng  |9 98849 
245 0 0 |a Hučí voda, hučí  |c Sp. Ivan Krajíček a Pavol Zelenay, Tanečný orchester Juraja Berczellera 
264 1 |a [ Praha]  |b Supraphon  |c [1965] 
264 4 |c ℗1965 
300 |a 1 gramofónová platňa  |c 18 cm 
336 |a hraná hudba  |b prm  |2 rdacontent 
337 |a audio  |b s  |2 rdamedia 
338 |a iný  |b z  |2 rdacarrier 
340 |a vinyl  |a rda 
344 |a analog  |c 45 ot/min  |g stereo  |2 rda 
500 |a Platňa obsahuje 2 piesne 
500 |a Názov prevzatý z prvej strany platne 
500 |a Miesto a rok vydania podľa vydavateľa 
650 0 7 |a slovenské piesne  |2 SNKPH  |9 3453 
650 0 7 |a Slovak songs  |2 SNKPHeng  |9 286204 
655 7 |a gramofónové platne  |2 SNKPH  |9 74608 
655 7 |a Gramophone records  |2 SNKPHeng  |9 286457 
700 1 |a Zelenay, Pavol,  |d 1928-2024  |4 sng  |9 244826 
700 1 |a Melkovič, Ján,  |d 1939-2004  |4 cmp  |9 112602 
700 1 |a Droppa, Boris,  |d 1934-2004  |4 lyr  |9 92725 
700 1 |a Čelko, Igor,  |d 1944-  |4 cnd  |9 49139 
700 1 |a Úradníček, Ivan,  |d 1937-1973  |4 lyr  |9 226655 
700 1 |a Slobodník, Milan,  |d 1932-1970  |4 lyr  |9 243800 
710 2 |a Tanečný orchester Juraja Berczellera  |4 prf  |9 310013 
710 2 |a Traditional Club (hudobná skupina)  |4 prf  |9 159227 
740 0 2 |a Hučí voda, hučí (Western)  |h zvukový záznam 
740 0 2 |a Nebezpečná slečna (Medium fox)  |h zvukový záznam 
999 |c 911552  |d 913482 
952 |a SNK  |b SNK  |y PREZ  |7 0  |p 17A1419713  |o snk 45-91  |i snk1402/66  |0 0  |1 0  |4 0  |d 2021-02-12  |l 0  |r 2026-02-24 07:46:07  |w 2026-02-24 
952 |a SNKMST  |b SNKMST  |y PREZ  |7 0  |p 17A1419977  |o snk 45-91 D1  |i snk1403/66  |0 0  |1 0  |4 0  |d 2021-04-30  |l 0  |r 2026-02-24 07:46:07  |w 2026-02-24